Quantitative Genetics. (Record no. 3816)

MARC details
000 -LEADER
fixed length control field 00527nam a22002057a 4500
003 - CONTROL NUMBER IDENTIFIER
control field OSt
005 - DATE AND TIME OF LATEST TRANSACTION
control field 20160427174345.0
008 - FIXED-LENGTH DATA ELEMENTS--GENERAL INFORMATION
fixed length control field 160427b xxu||||| |||| 00| 0 eng d
020 ## - INTERNATIONAL STANDARD BOOK NUMBER
International Standard Book Number 0582243025
040 ## - CATALOGING SOURCE
Transcribing agency DDC.
082 ## - DEWEY DECIMAL CLASSIFICATION NUMBER
Classification number 576.6FAL 1996.
100 ## - MAIN ENTRY--PERSONAL NAME
Personal name Falconer;Mackay;
9 (RLIN) 8383
245 ## - TITLE STATEMENT
Title Quantitative Genetics.
250 ## - EDITION STATEMENT
Edition statement 4th ed.
260 ## - PUBLICATION, DISTRIBUTION, ETC. (IMPRINT)
Place of publication, distribution, etc. England.
Name of publisher, distributor, etc. Pearson Prentice Hall.
Date of publication, distribution, etc. 1996.
300 ## - PHYSICAL DESCRIPTION
Extent xv,464p;
Other physical details ill;
Dimensions 25cm.
504 ## - BIBLIOGRAPHY, ETC. NOTE
Bibliography, etc includes references index.
650 ## - SUBJECT ADDED ENTRY--TOPICAL TERM
Topical term or geographic name as entry element Biology.
9 (RLIN) 5602
942 ## - ADDED ENTRY ELEMENTS (KOHA)
Source of classification or shelving scheme Dewey Decimal Classification
Koha item type Short Loan
Holdings
Withdrawn status Lost status Source of classification or shelving scheme Damaged status Not for loan Home library Current library Date acquired Source of acquisition Inventory number Total Checkouts Full call number Barcode Date last seen Price effective from Koha item type
    Dewey Decimal Classification     MUST Main Library MUST Main Library 27/04/2016   06/27317   576.6FAL 1996. 2016-1488 27/04/2016 27/04/2016 Short Loan
    Dewey Decimal Classification     MUST Main Library MUST Main Library 10/05/2016   2000/14595   576.6FAL 1996. 2016-1758 10/05/2016 10/05/2016 Short Loan
    Dewey Decimal Classification     MUST Main Library MUST Main Library 10/05/2016   2000/14594   576.6FAL 1996. 2016-1759 10/05/2016 10/05/2016 Short Loan
    Dewey Decimal Classification     MUST Main Library MUST Main Library 04/06/2021 Donation 03/20527   576.6FAL 1996. 2021-0666 04/06/2021 04/06/2021 Open Shelf